Ricostruisci la Carriera del Calciatore - Gianluigi Buffon - Statistics

Statistiche generali
  • Questo quiz è stato fatto 69 volte
  • Il punteggio medio è 5 su 5
Statistiche sulle risposte
Hint Risposta % Corretto
2001-2018 Juventus
98%
2018-2019 Paris Saint-Germain
98%
1995-2001 Parma
98%
2021-2023 Parma
94%
2019-2021 Juventus
89%
Nessun quiz corrispondente trovato
Distribuzione punteggi
Percentuale di utenti per punteggio
Percentile per numero di risposta
I tuoi punteggi nel tempo
Non hai fatto questo quiz